| 000 | 00328cam a22001217a 4500 | ||
|---|---|---|---|
| 008 | 180718b1957 xxu||||| |||| 00| 0 eng d | ||
| 082 | _aA7x47 H88/1 | ||
| 100 | _aFitzsimmons,Thomas | ||
| 245 |
_aRsfsr _cby Thomas Fitzsimmons, |
||
| 260 |
_aNew Haven _bHuman Relation _c1957 |
||
| 300 | _av1.310p | ||
| 440 | _aCountry Survey Series | ||
| 999 |
_c413835 _d413835 |
||